UM Logo

Agency with virtual learning : (Record no. 22559)

MARC details
000 -LEADER
fixed length control field 00526nam a22001337a 4500
005 - DATE AND TIME OF LATEST TRANSACTION
control field 20241015095621.0
008 - FIXED-LENGTH DATA ELEMENTS--GENERAL INFORMATION
fixed length control field 241015b |||||||| |||| 00| 0 eng d
100 ## - MAIN ENTRY--PERSONAL NAME
Personal name Hauge, Chelsey.
Relator term author.
9 (RLIN) 62944
245 ## - TITLE STATEMENT
Title Agency with virtual learning :
Remainder of title prioritizing children's social emotional health in the pandemic /
Statement of responsibility, etc. Chelsey Hauge.
260 ## - PUBLICATION, DISTRIBUTION, ETC. (IMPRINT)
Place of publication, distribution, etc. Washington;
Name of publisher, distributor, etc. Taylor & Francis Group,
Date of publication, distribution, etc. November-December 2020.
300 ## - PHYSICAL DESCRIPTION
Extent Volume 96, pages 54-59,
Other physical details illustration.
700 ## - ADDED ENTRY--PERSONAL NAME
Personal name Hauge, Chelsey.
Relator term author.
9 (RLIN) 62945
942 ## - ADDED ENTRY ELEMENTS (KOHA)
Source of classification or shelving scheme Dewey Decimal Classification
Koha item type Periodicals
Holdings
Withdrawn status Lost status Source of classification or shelving scheme Damaged status Not for loan Collection code Home library Current library Date acquired Total Checkouts Date last seen Price effective from Koha item type Public note
    Dewey Decimal Classification     Periodicals UM Digos College - LIC UM Digos College - LIC 10/15/2024   10/15/2024 10/15/2024 Periodicals Periodical Article